00817cam a22002651 4500001001300000003000400013005001700017008004100034010001700075035001900092040004900111042001200160050002100172082001000193100003400203245011400237250001100351260003300362300004000395500002000435504003100455650001100486700003700497999001700534agr52000421 DLC20260227111016.0760329s1952 nyuab b 001 0 eng c aagr52000421  a(OCoLC)2075865 aU.S. Dept. of Agr. Libr.cOWibfCdOCoLCdDLC apremarc00aSF395b.S65 1952 a636.41 aSmith, William Wesley,d1878-10aPork productionc[by] William W. Smith; with a chapter on Sanitation and disease control, by L. M. Hutchings. a3d ed. aNew York,bMacmillanc[1952] axxvi, 616 p.billus., maps.c22 cm. aIncludes index. aBibliographical footnotes. 0aSwine.1 aHutchings, Leslie Morton,d1915- c11458d11458